000 00659nam a2200229 a 4500
001 19377
003 CO-ViMGA
008 141112s2004 ck r 000 u spa d
020 _a8426332749
040 _aCO-ViMGA
_bspa
_cCO-ViMGA
082 0 4 _aGORem
100 1 _aGordon, Mike
_915900
245 1 0 _aEmpujar y tirar
260 _aZaragoza :
_bEdelvives,
_c1996
300 _a32
490 _aCiencia Simple
590 _aForma de adquisición : Compra - - Precio : 12200 - - Proveedor : Cerlac
650 1 4 _aCIENCIA - LIBROS INFANTILES
_927856
650 1 4 _aJUEGOS CIENTIFICOS
_954419
650 1 4 _aMECANICA - LIBROS INFANTILES
_927857
942 _2ddc
_cBK
999 _c28529
_d28529